[Event "SVK-chT2D 2425"]
[Site "Slovakia"]
[Date "2024.11.10"]
[Round "2.6"]
[White "Koval, Daniel"]
[Black "Krajnak, Jan"]
[Result "1-0"]
[WhiteElo "2003"]
[BlackElo "2070"]
[PlyCount "69"]
[EventDate "2024.11.09"]
[EventType "team-tourn"]
[EventRounds "11"]
[EventCountry "SVK"]
[SourceTitle "CB51_2024"]
[SourceDate "2024.12.18"]
[SourceVersion "1"]
[SourceVersionDate "2024.12.18"]
[SourceQuality "1"]
[WhiteTeam "Presov Tatran Dason"]
[BlackTeam "Poprad LS VD"]
[WhiteTeamCountry "SVK"]
[BlackTeamCountry "SVK"]

1. c4 c6 2. Nf3 d5 3. d4 dxc4 4. e4 b5 5. a4 Qb6 6. Be3 Qb7 7. b3 cxb3 8. axb5 cxb5 9. Qxb3 a6 10. Nc3 Nf6 11. Bd3 e6 12. 0-0 b4 13. Na4 Nbd7 14. Nd2 Be7 15. Rfc1 0-0 16. Bf4 e5 17. dxe5 Nh5 18. g3 g5 19. e6 gxf4 20. exd7 Bxd7 21. Nc5 Qc6 22. Qd1 Nf6 23. e5 Bxc5 24. exf6 Bxf2+ 25. Kxf2 Qxf6 26. Ne4 Qh6 27. Qg1 Kh8 28. Rc5 f5 29. Rxa6 Rxa6 30. Bxa6 Qxa6 31. Ng5 Qa7 32. Kg2 f3+ 33. Kh1 Rf6 34. Rc8+ Bxc8 35. Qxa7 1-0

[Event "SVK-chT2D 2425"]
[Site "Slovakia"]
[Date "2024.11.09"]
[Round "1.7"]
[White "Koval, Daniel"]
[Black "Zrost, Rudolf"]
[Result "1/2-1/2"]
[WhiteElo "2003"]
[BlackElo "1907"]
[PlyCount "32"]
[EventDate "2024.11.09"]
[EventType "team-tourn"]
[EventRounds "11"]
[EventCountry "SVK"]
[SourceTitle "CB51_2024"]
[SourceDate "2024.12.18"]
[SourceVersion "1"]
[SourceVersionDate "2024.12.18"]
[SourceQuality "1"]
[WhiteTeam "Presov Tatran Dason"]
[BlackTeam "Spisska Nova Ves"]
[WhiteTeamCountry "SVK"]
[BlackTeamCountry "SVK"]

1. c4 Nf6 2. Nc3 g6 3. g3 Bg7 4. Bg2 0-0 5. d4 d6 6. Nf3 c6 7. 0-0 Bf5 8. Re1 Ne4 9. Nh4 Nxc3 10. bxc3 Be6 11. Qd3 d5 12. c5 Nd7 13. f4 f5 14. Nf3 Bf7 15. Ne5 Nf6 16. h3 Ne4 1/2-1/2

[Event "SVK-chT2D 2324"]
[Site "Slovakia"]
[Date "2023.12.03"]
[Round "6.5"]
[White "Koval, Daniel"]
[Black "Ivanecka, Natalia"]
[Result "1/2-1/2"]
[WhiteElo "2017"]
[BlackElo "1849"]
[PlyCount "73"]
[EventDate "2023.10.07"]
[EventType "team-tourn"]
[EventRounds "11"]
[EventCountry "SVK"]
[SourceTitle "EXT 2025"]
[Source "ChessBase"]
[SourceDate "2024.10.14"]
[SourceVersion "1"]
[SourceVersionDate "2024.10.14"]
[SourceQuality "1"]
[WhiteTeam "Presov Tatran Dason"]
[BlackTeam "Presov Slavia PU"]
[WhiteTeamCountry "SVK"]
[BlackTeamCountry "SVK"]

1. c4 Nf6 2. Nc3 e6 3. e4 d5 4. e5 d4 5. exf6 dxc3 6. dxc3 Qxf6 7. Qf3 Nd7 8. Be3 Be7 9. Be2 Ne5 10. Qxf6 Bxf6 11. Nf3 0-0 12. 0-0 b6 13. Nxe5 Bxe5 14. Bf3 Rb8 15. Bd4 Bd6 16. Rfd1 e5 17. Be3 f5 18. Bc6 f4 19. Bd2 Rf6 20. Kh1 Kh8 21. Be1 Bf5 22. f3 Ba3 23. bxa3 Rxc6 24. Rd5 Re8 25. Rad1 Kg8 26. c5 b5 27. c4 bxc4 28. Bc3 Kf7 29. Bxe5 Be6 30. R5d2 Rxc5 31. Bc3 c6 32. Kg1 Rd5 33. Kf2 Red8 34. Ke2 Bf5 35. Kf2 Bd3 36. Rb2 Rb5 37. Rdd2 1/2-1/2

[Event "SVK-chT2D 1920"]
[Site "Slovakia"]
[Date "2020.03.07"]
[Round "10.6"]
[White "Pacholsky, Radovan"]
[Black "Koval, Daniel"]
[Result "0-1"]
[WhiteElo "1779"]
[BlackElo "2032"]
[PlyCount "50"]
[EventDate "2019.10.26"]
[EventType "team-tourn"]
[EventRounds "11"]
[EventCountry "SVK"]
[SourceTitle "EXT 2022"]
[Source "ChessBase"]
[SourceDate "2021.10.06"]
[SourceVersion "1"]
[SourceVersionDate "2021.10.06"]
[SourceQuality "1"]
[WhiteTeam "Margecany"]
[BlackTeam "Presov Tatran Dason"]
[WhiteTeamCountry "SVK"]
[BlackTeamCountry "SVK"]

1. e4 e6 2. d4 d5 3. exd5 exd5 4. c4 c6 5. Nc3 Nf6 6. Bg5 Be7 7. Bd3 0-0 8. cxd5 Nxd5 9. Bxe7 Qxe7+ 10. Nge2 Nf4 11. Be4 Bg4 12. Bf3 Bxf3 13. gxf3 Re8 14. Kf1 Nxe2 15. Nxe2 Qg5 16. Qb3 b6 17. Nc3 Nd7 18. d5 Ne5 19. Ne4 Qf4 20. Kg2 cxd5 21. Nd6 Re6 22. Qxd5 Rd8 23. Qe4 Qg5+ 24. Kf1 Rexd6 25. f4 Qg4 0-1

[Event "SVK-chT2D 1516"]
[Site "Slovakia"]
[Date "2016.03.13"]
[Round "11.4"]
[White "Koval, Daniel"]
[Black "Tropp, Lukas"]
[Result "0-1"]
[WhiteElo "2045"]
[BlackElo "2081"]
[PlyCount "98"]
[EventDate "2015.10.17"]
[EventType "team-tourn"]
[EventRounds "11"]
[EventCountry "SVK"]
[SourceTitle "EXT 2017"]
[Source "ChessBase"]
[SourceDate "2016.10.25"]
[SourceVersion "1"]
[SourceVersionDate "2016.10.25"]
[SourceQuality "1"]
[WhiteTeam "Presov Tatran Dason"]
[BlackTeam "Kosice Slavia IV"]
[WhiteTeamCountry "SVK"]
[BlackTeamCountry "SVK"]

1. c4 c5 2. Nf3 Nf6 3. d4 e6 4. Nc3 d5 5. e3 Nc6 6. Be2 Bd6 7. 0-0 0-0 8. a3 b6 9. cxd5 exd5 10. Qa4 Bb7 11. Rd1 c4 12. b3 cxb3 13. Qxb3 Na5 14. Qa2 Rc8 15. Nb5 Bb8 16. Bd2 a6 17. Nc3 Nc4 18. Be1 b5 19. Rdc1 Qd6 20. h3 Rfe8 21. a4 Ne4 22. axb5 Nxc3 23. Bxc3 axb5 24. Rab1 Bc6 25. Bb4 Qh6 26. Bc3 Bd6 27. Bxc4 dxc4 28. Ne5 Bxe5 29. dxe5 Qg6 30. f4 Ra8 31. Qf2 Qf5 32. Ra1 h6 33. Kh2 Reb8 34. Bb4 Qd3 35. f5 Ra4 36. Rd1 Qe4 37. Bd6 Rxa1 38. Rxa1 Ra8 39. Rc1 Kh7 40. Kg3 Ra4 41. Qf3 Ra2 42. Rg1 Rxg2+ 43. Qxg2 Qxe3+ 44. Kh2 Bxg2 45. Rxg2 c3 46. f6 Qf4+ 47. Kg1 gxf6 48. Rf2 Qg5+ 49. Rg2 c2 0-1

[Event "SVK-chT2D 1516"]
[Site "Slovakia"]
[Date "2015.12.05"]
[Round "5.4"]
[White "Vrabel, Michal"]
[Black "Koval, Daniel"]
[Result "1-0"]
[WhiteElo "2062"]
[BlackElo "2033"]
[PlyCount "69"]
[EventDate "2015.10.17"]
[EventType "team-tourn"]
[EventRounds "11"]
[EventCountry "SVK"]
[SourceTitle "CBM 170 Extra"]
[Source "ChessBase"]
[SourceDate "2016.02.25"]
[SourceVersion "1"]
[SourceVersionDate "2016.02.25"]
[SourceQuality "1"]
[WhiteTeam "Presov Slavia"]
[BlackTeam "Presov Tatran Dason"]
[WhiteTeamCountry "SVK"]
[BlackTeamCountry "SVK"]

1. e4 e6 2. d4 d5 3. Nd2 Nf6 4. e5 Nfd7 5. Bd3 c5 6. c3 Nc6 7. Ne2 cxd4 8. cxd4 f6 9. exf6 Nxf6 10. Nf3 Bd6 11. 0-0 Qc7 12. Bg5 0-0 13. Bh4 Bd7 14. Bg3 Rae8 15. Rc1 Qb8 16. Qd2 e5 17. dxe5 Nxe5 18. Nxe5 Bxe5 19. Bxe5 Qxe5 20. Ng3 Ng4 21. Rce1 Qf6 22. Rxe8 Rxe8 23. Bc4 Kh8 24. Bxd5 Bb5 25. Rd1 Rd8 26. Qc2 Rf8 27. Ne4 Qh4 28. h3 Nf6 29. Qc5 Rd8 30. Nxf6 Ba4 31. b3 b6 32. Qe7 Re8 33. Qd6 gxf6 34. bxa4 Re5 35. Qf8# 1-0

[Event "SVK-chT2D 14/15"]
[Site "Slovakia"]
[Date "2015.03.08"]
[Round "11.2"]
[White "Koval, Daniel"]
[Black "Balazs, Ladislav"]
[Result "1-0"]
[WhiteElo "2074"]
[BlackElo "2003"]
[PlyCount "109"]
[EventDate "2014.10.11"]
[EventType "team-tourn"]
[EventRounds "11"]
[EventCountry "SVK"]
[SourceTitle "EXT 2019"]
[Source "ChessBase"]
[SourceDate "2018.10.10"]
[SourceVersion "1"]
[SourceVersionDate "2018.10.10"]
[SourceQuality "1"]
[WhiteTeam "Presov Tatran Dason"]
[BlackTeam "Moldava nad Bodvou"]
[WhiteTeamCountry "SVK"]
[BlackTeamCountry "SVK"]

1. c4 Nf6 2. Nc3 e6 3. e4 d5 4. e5 Ng8 5. d4 a6 6. Nf3 Ne7 7. c5 Nbc6 8. Rb1 Nf5 9. b4 Nh4 10. Ng5 Ng6 11. Bd3 Be7 12. h4 Nf8 13. Qh5 Bxg5 14. Bxg5 Qd7 15. Be3 Ne7 16. a4 Nf5 17. g4 Nxe3 18. fxe3 h6 19. g5 g6 20. Qg4 h5 21. Qe2 Qe7 22. Qc2 Bd7 23. b5 axb5 24. Bxb5 c6 25. Bd3 Bc8 26. 0-0 Rg8 27. Be2 Rg7 28. Bf3 Nh7 29. Qg2 Nf8 30. Rb2 Qc7 31. Qc2 Qe7 32. e4 Nh7 33. Qg2 Qd8 34. Qd2 Nf8 35. Rfb1 Ra7 36. Rb4 Qd7 37. Qf4 Nh7 38. Be2 Rg8 39. Bf1 Rg7 40. Bh3 Qd8 41. Bf1 Qe7 42. R1b2 Rg8 43. Re2 Qc7 44. Bh3 Qa5 45. Rb3 Qd8 46. exd5 exd5 47. e6 f5 48. Bg2 Ke7 49. Qb8 Qa5 50. Qd6+ Ke8 51. Bxd5 cxd5 52. Nxd5 Rg7 53. Nf6+ Nxf6 54. gxf6 Ra6 55. fxg7 1-0

[Event "SVK-chT2D 1314"]
[Site "Slovakia"]
[Date "2014.01.12"]
[Round "6.2"]
[White "Harvan, Richard"]
[Black "Koval, Daniel"]
[Result "1-0"]
[WhiteElo "2072"]
[BlackElo "2062"]
[PlyCount "75"]
[EventDate "2013.10.19"]
[EventType "team-tourn"]
[EventRounds "11"]
[EventCountry "SVK"]
[SourceTitle "EXT 2015"]
[Source "ChessBase"]
[SourceDate "2014.11.20"]
[SourceVersion "1"]
[SourceVersionDate "2014.11.20"]
[SourceQuality "1"]
[WhiteTeam "Kosice Tahanovce"]
[BlackTeam "Presov Tatran Dason"]
[WhiteTeamCountry "SVK"]
[BlackTeamCountry "SVK"]

1. e4 e6 2. d4 d5 3. Nd2 Nf6 4. e5 Nfd7 5. Bd3 c5 6. c3 Nc6 7. Ne2 cxd4 8. cxd4 f6 9. f4 Qb6 10. 0-0 Nxd4 11. Kh1 f5 12. Nxd4 Qxd4 13. Nb3 Qb6 14. g4 g6 15. gxf5 exf5 16. Qf3 Nc5 17. Be3 Bd7 18. Bd4 Bc6 19. Rac1 Nxd3 20. Bxb6 Nxc1 21. Rxc1 axb6 22. Nd4 Kd7 23. Nxc6 bxc6 24. Qc3 Bc5 25. b4 Ke6 26. bxc5 b5 27. Qh3 h6 28. Qh4 Raf8 29. Rg1 g5 30. fxg5 hxg5 31. Qxg5 d4 32. Qg6+ Kd5 33. Qd6+ Kc4 34. Rd1 d3 35. Qxd3+ Kb4 36. Qd2+ Ka4 37. Rb1 Rh4 38. a3 1-0

[Event "SVK-chT2D 1213"]
[Site "Slovakia"]
[Date "2012.12.02"]
[Round "4.1"]
[White "Koval, Daniel"]
[Black "Bednar, Milan"]
[Result "1/2-1/2"]
[WhiteElo "2066"]
[BlackElo "2241"]
[PlyCount "79"]
[EventDate "2012.10.13"]
[EventType "team-tourn"]
[EventRounds "11"]
[EventCountry "SVK"]
[SourceTitle "EXT 2015"]
[Source "ChessBase"]
[SourceDate "2014.11.20"]
[SourceVersion "1"]
[SourceVersionDate "2014.11.20"]
[SourceQuality "1"]
[WhiteTeam "Presov Tatran Dason"]
[BlackTeam "Kosice Slavia TU IV"]
[WhiteTeamCountry "SVK"]
[BlackTeamCountry "SVK"]

1. c4 c6 2. Nf3 d5 3. d4 e6 4. Qc2 f5 5. Bg5 Nf6 6. Nbd2 Be7 7. e3 0-0 8. Bd3 Ne4 9. Bxe7 Qxe7 10. Ne5 Nd7 11. Nxd7 Bxd7 12. 0-0 Nxd2 13. Qxd2 Rf6 14. c5 Raf8 15. f4 Rh6 16. Rf2 g5 17. g3 Be8 18. b4 g4 19. a4 a6 20. Rb1 Rg6 21. a5 Bd7 22. Bf1 h5 23. Re2 Rf7 24. Ree1 Rh7 25. Kf2 h4 26. Bg2 Rgh6 27. Rh1 Qg7 28. Rbg1 Qh8 29. Qc1 Kf8 30. Qb1 Ke7 31. Qc1 Kd8 32. Qb1 Kc7 33. Qc1 Kb8 34. Qb1 Ka7 35. Qc1 Be8 36. Qb1 Bg6 37. Qa1 Qd8 38. Rd1 Bf7 39. Qb2 Qh8 40. Qc1 1/2-1/2

[Event "SVK-chT2D 1112"]
[Site "Slovakia"]
[Date "2012.01.29"]
[Round "9.1"]
[White "Slacky, Stanislav"]
[Black "Koval, Daniel"]
[Result "1-0"]
[WhiteElo "2215"]
[BlackElo "2093"]
[PlyCount "35"]
[EventDate "2011.10.08"]
[EventType "team-tourn"]
[EventRounds "11"]
[EventCountry "SVK"]
[SourceTitle "EXT 2013"]
[Source "ChessBase"]
[SourceDate "2012.11.22"]
[SourceVersion "1"]
[SourceVersionDate "2012.11.22"]
[SourceQuality "1"]
[WhiteTeam "Margecany OSK"]
[BlackTeam "Presov Tatran Dason"]
[WhiteTeamCountry "SVK"]
[BlackTeamCountry "SVK"]

1. d4 Nf6 2. c4 g6 3. Nf3 Bg7 4. g3 0-0 5. Bg2 d6 6. 0-0 c6 7. Nc3 Qc7 8. h3 Nbd7 9. e4 e5 10. Be3 Re8 11. Rc1 b6 12. b4 Bb7 13. Qc2 a5 14. dxe5 Nxe5 15. Nxe5 axb4 16. Na4 Rxe5 17. Nxb6 Rea5 18. Nxa8 1-0

[Event "SVK-chT2D 1112"]
[Site "Slovakia"]
[Date "2011.12.03"]
[Round "5.1"]
[White "Lihosith, Peter"]
[Black "Koval, Daniel"]
[Result "0-1"]
[WhiteElo "2059"]
[BlackElo "2093"]
[PlyCount "70"]
[EventDate "2011.10.08"]
[EventType "team-tourn"]
[EventRounds "11"]
[EventCountry "SVK"]
[SourceTitle "EXT 2013"]
[Source "ChessBase"]
[SourceDate "2012.11.22"]
[SourceVersion "1"]
[SourceVersionDate "2012.11.22"]
[SourceQuality "1"]
[WhiteTeam "Zborov Magura"]
[BlackTeam "Presov Tatran Dason"]
[WhiteTeamCountry "SVK"]
[BlackTeamCountry "SVK"]

1. e4 e6 2. e5 d6 3. exd6 Bxd6 4. d4 Nf6 5. Bg5 h6 6. Bh4 0-0 7. Bd3 c5 8. Nf3 Nc6 9. dxc5 Bxc5 10. 0-0 Nb4 11. Be2 Qe7 12. c3 Rd8 13. Qb3 Nd3 14. Nfd2 g5 15. Bg3 h5 16. Bxd3 Rxd3 17. Qc4 Rd5 18. h3 b5 19. Qe2 Bb7 20. Nb3 Rad8 21. N1d2 Bd6 22. Bxd6 Qxd6 23. Nf3 g4 24. hxg4 hxg4 25. Nh4 Kg7 26. Nd4 Rh8 27. g3 Rdh5 28. f4 gxf3 29. Rxf3 Bxf3 30. Qxf3 Rg5 31. Kf2 Rxh4 32. Rd1 Rh2+ 33. Kf1 Qxg3 34. Qxg3 Rxg3 35. Nxb5 Ng4 0-1

[Event "SVK-chT2D 1112"]
[Site "Slovakia"]
[Date "2011.11.05"]
[Round "3.2"]
[White "Koval, Daniel"]
[Black "Tauber, Marek"]
[Result "0-1"]
[WhiteElo "2093"]
[BlackElo "2191"]
[PlyCount "60"]
[EventDate "2011.10.08"]
[EventType "team-tourn"]
[EventRounds "11"]
[EventCountry "SVK"]
[SourceTitle "EXT 2013"]
[Source "ChessBase"]
[SourceDate "2012.11.22"]
[SourceVersion "1"]
[SourceVersionDate "2012.11.22"]
[SourceQuality "1"]
[WhiteTeam "Presov Tatran Dason"]
[BlackTeam "Kezmarok KdV II"]
[WhiteTeamCountry "SVK"]
[BlackTeamCountry "SVK"]

1. c4 e5 2. Nc3 Nf6 3. Nf3 Nc6 4. d4 e4 5. Ne5 Bb4 6. Bg5 h6 7. Bh4 g5 8. Bg3 e3 9. fxe3 Ne4 10. Qd3 d5 11. 0-0-0 Bxc3 12. cxd5 Bxb2+ 13. Kxb2 Qxd5 14. Nxc6 bxc6 15. Be1 Rb8+ 16. Ka1 Rb6 17. Rg1 Ra6 18. Qc2 Be6 19. a4 Qb5 20. a5 Rxa5+ 21. Bxa5 Qxa5+ 22. Kb1 0-0 23. Qb2 Nc3+ 24. Kc1 Na2+ 25. Kb1 Bf5+ 26. Rd3 Nb4 27. g4 Nxd3 28. exd3 Qe1+ 29. Ka2 Be6+ 30. Ka3 Qa5# 0-1

[Event "Tatry op"]
[Site "Tatranske Zruby"]
[Date "2011.09.28"]
[Round "5"]
[White "Koval, Daniel"]
[Black "Bohm, Vilem"]
[Result "1-0"]
[WhiteElo "2093"]
[BlackElo "1819"]
[PlyCount "59"]
[EventDate "2011.09.25"]
[EventType "swiss"]
[EventRounds "9"]
[EventCountry "SVK"]
[SourceTitle "CBM 144 Extra"]
[Source "ChessBase"]
[SourceDate "2011.10.28"]
[SourceVersion "1"]
[SourceVersionDate "2011.10.28"]
[SourceQuality "1"]

1. c4 g6 2. d4 d5 3. cxd5 Qxd5 4. Nc3 Qd8 5. e4 Bg7 6. Be3 a6 7. Bc4 Nc6 8. Nge2 Na5 9. Qa4+ c6 10. Bd3 b5 11. Qc2 Nf6 12. f3 0-0 13. 0-0 Be6 14. b3 Nb7 15. Rfd1 Rc8 16. b4 Ne8 17. e5 Nc7 18. Nf4 Bd5 19. Rac1 Ne6 20. Nxe6 Bxe6 21. f4 Bd5 22. f5 Qd7 23. Rf1 Bc4 24. Bxc4 bxc4 25. Na4 Rcd8 26. fxg6 hxg6 27. Qxc4 Qd5 28. Qxd5 cxd5 29. Rc7 Rb8 30. Nb6 1-0

[Event "Tatry op"]
[Site "Tatranske Zruby"]
[Date "2011.09.27"]
[Round "3"]
[White "Koval, Daniel"]
[Black "Jambrich, Miroslav"]
[Result "1-0"]
[WhiteElo "2093"]
[BlackElo "1937"]
[PlyCount "63"]
[EventDate "2011.09.25"]
[EventType "swiss"]
[EventRounds "9"]
[EventCountry "SVK"]
[SourceTitle "CBM 144 Extra"]
[Source "ChessBase"]
[SourceDate "2011.10.28"]
[SourceVersion "1"]
[SourceVersionDate "2011.10.28"]
[SourceQuality "1"]

1. c4 e5 2. Nc3 Nc6 3. Nf3 Bc5 4. e3 d6 5. d4 exd4 6. exd4 Bb6 7. h3 h6 8. b4 a5 9. b5 Nce7 10. Na4 Ba7 11. Be2 Bf5 12. 0-0 Nf6 13. Bb2 c6 14. Qe1 cxb5 15. cxb5 b6 16. Nh4 Be6 17. f4 g6 18. f5 gxf5 19. Bd3 Qd7 20. Nxf5 0-0-0 21. Rc1+ Kb7 22. Nxe7 Qxe7 23. d5 Nxd5 24. Be4 Qd7 25. Nc3 Bb8 26. Nxd5 Ka7 27. Bc3 Rhg8 28. Bxa5 Bxd5 29. Bxb6+ Kxb6 30. Qe3+ Ka5 31. Qa3+ Kb6 32. Qa6# 1-0

[Event "SVK-chT1E 1011"]
[Site "Slovakia"]
[Date "2011.03.20"]
[Round "9"]
[White "Koval, Daniel"]
[Black "Szamos, Alexander"]
[Result "1/2-1/2"]
[WhiteElo "2091"]
[BlackElo "2211"]
[PlyCount "61"]
[EventDate "2010.11.06"]
[EventType "team-tourn"]
[EventRounds "11"]
[EventCountry "SVK"]
[SourceTitle "EXT 2012"]
[Source "ChessBase"]
[SourceDate "2011.11.24"]
[SourceVersion "1"]
[SourceVersionDate "2011.11.24"]
[SourceQuality "1"]
[WhiteTeam "Presov"]
[BlackTeam "Filakovo"]
[WhiteTeamCountry "SVK"]
[BlackTeamCountry "SVK"]

1. c4 Nf6 2. Nc3 c5 3. Nf3 Nc6 4. e4 d6 5. Be2 Bg4 6. h3 Bxf3 7. Bxf3 g6 8. d3 Bg7 9. 0-0 0-0 10. Be3 Nd7 11. Qd2 Nd4 12. Bd1 e6 13. Bg5 Qc7 14. a3 a6 15. Ne2 Nxe2+ 16. Bxe2 Ne5 17. Rac1 a5 18. f4 Nc6 19. f5 exf5 20. exf5 gxf5 21. Bf3 Nd4 22. Qf2 Kh8 23. Qh4 Rae8 24. Bf6 Re6 25. Bxd4 Bxd4+ 26. Kh1 f6 27. Bd5 Re5 28. b4 axb4 29. axb4 b6 30. bxc5 bxc5 31. Rb1 1/2-1/2